Những ngày thơ ấu: Hồi kí

में बचाया:
ग्रंथसूची विवरण
मुख्य लेखक: Nguyên Hồng
स्वरूप: पुस्तक
भाषा:Vietnamese
प्रकाशित: H. Văn học 2016
विषय:
टैग : टैग जोड़ें
कोई टैग नहीं, इस रिकॉर्ड को टैग करने वाले पहले व्यक्ति बनें!
Thư viện lưu trữ: Thư viện Trường Đại học Nam Cần Thơ
LEADER 00756nam a22001937a 4500
001 NCT_69474
008 190913b xxu||||| |||| 00| 0 vie d
999 |c 3369  |d 3369 
020 |a 9786046952220  |c 28000 
082 0 4 |2 23rd ed.  |a 895.922332  |b H455 
100 0 |a Nguyên Hồng 
245 1 0 |a Những ngày thơ ấu:  |b Hồi kí  |c Nguyên Hồng 
260 |a H.  |b Văn học  |c 2016 
300 |a 114 tr.  |c 18cm 
500 |a Tên thật tác giả : Nguyễn Nguyên Hồng 
653 |a Sách tham khảo 
942 |2 ddc  |c BK 
952 |0 0  |1 0  |2 ddc  |4 0  |6 895_922332000000000_H455  |7 0  |9 17874  |a 000001  |b 000001  |d 2019-09-13  |o 895.922332 H455  |p TK.09591  |r 2019-09-13  |v 28000.00  |w 2019-09-13  |y BK 
980 |a Thư viện Trường Đại học Nam Cần Thơ